000 00669nam a2200193 a 4500
008 120416s1970 ||||||||||||||||| || u
020 _a0435342703
050 _aE 41 Dur
100 _aDury, George H
245 1 4 _aThe United States and Canada
260 _aLondon
_bHeinemann
_c1970.
300 _axii, 323p. : ill.
350 _a0.00
500 _aBibliography.
650 _aCANADA--DESCRIPTION AND TRAVEL
650 0 _aUNITED STATES--DESCRIPTION AND TRAVEL
700 _aMathieson, R. S
995 _D0.00
_FCBU-MAIN LIBRARY (Kitwe)
_H1
_I28.00
_M1
_UAVAILABLE
_WSep 22, 2006
_ZMain Library Open Access Collection
999 _c60865
_d60865